000 00322nam a2200121Ia 4500
008 240624s9999 xx 000 0 und d
041 _aeng
082 _a658.45 HBR
100 _aHARVARD BUSINESS REVIEW
245 _aHARVARD BUSINESS REVIEW ON EFFECTIVE COM
260 _aBoston
_bHarvard Businesss School Press
365 _c
999 _c2745
_d2745